Classifica Marcatori Mondiali di Calcio 2002 - Statistics

Statistiche generali
  • Questo quiz è stato fatto 51 volte
  • Il punteggio medio è 6 su 14
Statistiche sulle risposte
Gol Nazione Calciatore % Corretto
8 Brasile Ronaldo
100%
4 Italia Christian Vieri
91%
5 Brasile Rivaldo
85%
5 Germania Miroslav Klose
83%
3 Spagna Raúl González Blanco
61%
3 Irlanda Robbie Keane
48%
3 Svezia Henrik Larsson
43%
3 Germania Michael Ballack
33%
3 Portogallo Pauleta
28%
3 Spagna Fernando Morientes
26%
4 Danimarca Jon Dahl Tomasson
20%
3 Belgio Marc Wilmots
9%
3 Senegal Papa Bouba Diop
7%
3 Turchia İlhan Mansız
4%
Nessun quiz corrispondente trovato
Distribuzione punteggi
Percentuale di utenti per punteggio
Percentile per numero di risposta
I tuoi punteggi nel tempo
Non hai fatto questo quiz